000 00838nam a2200289Ia 4500
005 20260324115617.0
008 008 260324s9999 xx 000 0 eng d
020 _a9781315158570
037 _aEBOOK
040 _aCRL
040 _beng
040 _cCRL
041 _2eng
041 _aeng
084 _qCRL
100 _aXiaoling Jia; Feng Wu
_91155332
245 0 _aElectromechanical Control Technology and Transportation
245 0 _bProceedings of the 2nd International Conference on Electromechanical Control Technology and Transportation (ICECTT 2017), January 14-15, 2017, Zhuhai, China
260 _bTaylor and Francis
260 _c2017
365 _a
365 _b400
856 _uhttp://www.taylorfrancis.com/books/9781315158570
942 _cEBOOK
999 _c1746333
_d1746333